000 00511nam a2200169 a 4500
001 BRCA_8389
005 20190320210247.0
008 141114s2013----mx-a######---#000-0#spa-#
020 _a9786076052617
041 _aspa
050 4 _bM57 2013
245 1 0 _aLa mirada ante lo invisible
_cEsther Cimet S. ... [et al.]
260 _aMéxico
_bCENIDIAP : Instituto Nacional de Bellas Artes : CONACULTA
_c2013
300 _a137 p.
_bil. (algunas a color)
_c23 cm.
700 1 _aCimet S., Esther
_99680
942 _2lcc
_cB
999 _c8057
_d8057